| 000 | 00815nam a22002297a 4500 | ||
|---|---|---|---|
| 003 | URS | ||
| 005 | 20240521223253.0 | ||
| 008 | 240521t2020 nyu||||| |||| 00| 0 eng d | ||
| 020 | _a9780367227326 | ||
| 040 |
_aDLC _beng _cDLC _dDLC _dURS _erda |
||
| 082 |
_a418.102 _bR5601 2020 |
||
| 100 | _aRobinson, Douglas | ||
| 245 |
_aBecoming A Translator: _bAn Introduction to the theory and Practice of Translation/ _cDouglas, Robinson. |
||
| 264 |
_aNew York _bRoutledge _c2020 |
||
| 300 |
_axiii, 304 pages; _c23 cm. |
||
| 336 |
_2rdacontent _atext _btxt |
||
| 337 |
_2rdamedia _aunmediated _bn |
||
| 338 |
_2rdacarrier _avolume _bnc |
||
| 504 | _aIncludes bibliographical references (pages 251-304) and index. | ||
| 650 | _aBecoming Translator An Introduction to the Theory and Practice of Translation. | ||
| 942 |
_2ddc _cFR |
||
| 999 |
_c79917 _d79916 |
||